000 00508nam a2200181Ia 4500
003 GCL
008 140319s9999 xx 000 0 ara d
040 _aGCL /
_cGCL
082 0 4 _a811.094
_bغس
100 1 _aغالى شكرى
245 1 0 _aشعرنا الحديث الى اين ? /
_cغالى شكرى
300 _aالقاهرة
490 _a
650 0 4 _aالادب العربى
650 0 4 _aتاريخ ونقد
650 0 4 _aالشعر العربى - العصر الحديث
942 _2ddc
_cBK
999 _c39486
_d39486